000 00473nam a22001577a 4500
005 20240216070030.0
008 240216b |||||||| |||| 00| 0 eng d
041 _aAfrikaans / English
082 _a349 TYD
100 _lAfrikaans / English
245 _aTydskrif vir Hedendaagse Romeins-Hollanse Reg
260 _aDurban :
_bButterworth,
_c2021
300 _b280 pages ;
_c25 cm.
650 _aLegal practice
_bLaw
942 _cBK
_6ALISON_BN_VRIES
999 _c1378
_d1378